000 00377 a2200109 4500
020 _a1883577322
082 _a005.4469 ALL
100 _aAllen, David
245 _aVisual Basics 4 Network Gaming Adventure Set : The best way to create your own multiplayer games with visual basic 4 :
260 _aUnited states of America
_bKeith Weiskamp
_c1995
300 _axxiv, 694p. :
_c25cm
_eCD
650 _aDavid Allen
999 _c160
_d160